000 00213 a2200109 4500
020 _a9781575055367
041 _aeng
100 _aSally M Walker
245 _aFossil fish found alive
942 _cBK
952 _71
999 _c18764
_d18764